Why are some countries so poor? another look at the evidence and a message of hope

Salvato in:
Dettagli Bibliografici
Autore principale: Cohen, Daniel
Altri autori: Soto, Marcelo
Natura: Libro
Lingua:inglese
Pubblicazione: Paris OECD 2002
Serie:Technical papers No. 197
Soggetti:
Tags: Aggiungi Tag
Nessun Tag, puoi essere il primo ad aggiungerne!!

MARC

LEADER 00000nam a2200000 4500
001 c142203
005 20221124094921.2
041 0 |a eng 
044 |a FR 
245 1 0 |a Why are some countries so poor?  |b another look at the evidence and a message of hope  |c by Daniel Cohen and Marcelo Soto 
264 1 |a Paris  |b OECD  |c 2002 
300 |a 30 s. 
490 1 |a Technical papers  |v No. 197 
830 0 |a Technical papers  |v No. 197 
610 2 0 |a chudoba 
610 2 0 |a krajiny rozvojové 
610 2 0 |a situácia hospodárska 
610 2 0 |a vzdelanie 
610 2 0 |a produktivita 
610 2 0 |a modely 
610 2 0 |a svet 
610 2 0 |a OECD 
100 1 |a Cohen, Daniel 
700 1 |a Soto, Marcelo